| 000 | 01875nam a2200301 a 4500 | ||
|---|---|---|---|
| 001 | 18410596 | ||
| 008 | 170404s2015 ||||||||||||||||| || u | ||
| 010 | _a2014497669 | ||
| 020 | _a9781455754106 | ||
| 050 | _aRK 351 Tor | ||
| 100 | _aWalton, Richard E | ||
| 245 | 1 | 0 |
_aEndodontics: principles and practice. (5th edition) _cMahmoud Torabinejad, Richard E. Walton, Ashraf F. Fouad |
| 250 | _a5th edition | ||
| 260 |
_aSt. Louis Missouri _bElsevier Saunders _c2015 |
||
| 260 |
_aSt. Louis Missouri _bElsevier _c2015 |
||
| 300 | _axii, 482 pages: illustrations | ||
| 350 | _a143.00 | ||
| 500 | _aIncludes bibliographical references and index. | ||
| 650 | 0 | _aENDODONTICS | |
| 700 | _aTorabinejad, Mahmoud | ||
| 700 | _aFouad, Ashraf F | ||
| 995 |
_aMEDICAL LIBRARY OPEN ACCESS _D143.00 _e903860 _FCBU-SCHOOL OF MEDICINE LIBRARY (Ndola) _jRK 351 Tor _M1 _UAVAILABLE _WMar 28, 2017 _y903860 _ZMedical Library Open Access Collection |
||
| 995 |
_aMEDICAL LIBRARY OPEN ACCESS _e904988 _FCBU-SCHOOL OF MEDICINE LIBRARY (Ndola) _I143.00 _jRK 351 Tor _M4 _UAVAILABLE _WNov 12, 2020 _y904988 _ZMedical Library Open Access Collection |
||
| 995 |
_aMICHAEL CHILUFYA SATA OPEN ACCESS _e904989 _FCBU-SCHOOL OF MEDICINE LIBRARY (Ndola) _I143.00 _jRK 351 Tor _M6 _UAVAILABLE _WNov 12, 2020 _y904989 _ZMedical Library Open Access Collection |
||
| 995 |
_aMEDICAL LIBRARY OPEN ACCESS _e904985 _FCBU-SCHOOL OF MEDICINE LIBRARY (Ndola) _I143.00 _jRK 351 Tor _M5 _UAVAILABLE _WNov 12, 2020 _y904985 _ZMedical Library Open Access Collection |
||
| 995 |
_aMEDICAL LIBRARY OPEN ACCESS _e904986 _FCBU-SCHOOL OF MEDICINE LIBRARY (Ndola) _I143.00 _jRK 351 Tor _M2 _UAVAILABLE _WNov 12, 2020 _y904986 _ZMedical Library Open Access Collection |
||
| 995 |
_aMEDICAL LIBRARY OPEN ACCESS _e904987 _FCBU-SCHOOL OF MEDICINE LIBRARY (Ndola) _I143.00 _jRK 351 Tor _M3 _UAVAILABLE _WNov 12, 2020 _y904987 _ZMedical Library Open Access Collection |
||
| 999 |
_c63814 _d63814 |
||